000 01243cam a22001934a 4500
005 20250605164218.0
008 250528s ||||||||||||||||||||||||d
035 _a20536
020 _a853455325
040 _aGR-AtMCL
_bgre
_dGR-AtMCL
_eAACR2
245 1 _aThe People's Republic of China / A Documentary History of Revolutionary Change
260 _bMonthly Review Press,
_c1979
300 _a718
520 _aA comprehensive collection of materials on the Chinese revolution from 1946 to the present. Preface and Acknowledgements, Land Revolution and the New Democracy - 1946-1952, Policy Guidelines, The Land Revolution, Return to the Cities: The Origins of Urban and Industrial Policy, The Socialist Transformation of City and Countryside and the First Five-Year Plan - 1953-1957, Socialist Transition in the Chinese Countryside, The Great Leap Forward - 1958-1959, The Great Leap in Industry and the Cities, The Two-Line Struggle in City and Countryside - 1959-1965, The Great Proletarian Cultural Revolution - 1966-1976, Class Struggle and Modernization and the Future of the Chinese Revolution - 1975, Suggested Reading and Reference Works.
700 1 _aSelden Mark
_96518
942 _cBK
999 _c5634
_d5634